| 000 | 00645nam a2200217 i 4500 | ||
|---|---|---|---|
| 001 | bgj | ||
| 100 | 1 | _aMORRISON, Harry | |
| 245 | 1 | 0 |
_aThe Socialism of Bernard Shaw / _cby Harry Morrison. |
| 260 |
_aJefferson, NC : _bMcFarland & Company, Inc., _cc. 1989. |
||
| 300 |
_aXX, 188 pp ; _c22 cm. |
||
| 504 | _aBibliography p. 179-181. | ||
| 505 | _aIncludes index. | ||
| 600 | 1 | 9 |
_aShaw, Bernard, 1856-1950 _xPolitical and social views |
| 650 | 9 |
_aSocialism and literature _zGreat Britain |
|
| 020 | _a0899504418 | ||
| 040 | _cBPK | ||
| 041 | _aeng | ||
| 920 | _a0-89950-441-8 | ||
| 942 | _cKS | ||
| 008 | s uk f |000 0 eng | ||
| 999 |
_c47685 _d47685 |
||
| 856 |
_uhttp://koha.tu.koszalin.pl/cgi-bin/koha/opac-detail.pl?biblionumber=47685 _yKatalog online BPK |
||